Gestion des réssources en eau (GRE) au Bénin:Apport quantitatif du bassin du fleuve ouémé (Record no. 48633)
[ view plain ]
| 000 -LEADER | |
|---|---|
| fixed length control field | 00571nam a22001817a 4500 |
| 003 - CONTROL NUMBER IDENTIFIER | |
| control field | 0 |
| 005 - DATE AND TIME OF LATEST TRANSACTION | |
| control field | 20160609170256.0 |
| 008 - FIXED-LENGTH DATA ELEMENTS--GENERAL INFORMATION | |
| fixed length control field | 101216t xxu||||| |||| 00| 0 eng d |
| 040 ## - SOURCE DU CATALOGAGE | |
| Original cataloging agency | BUAC |
| Transcribing agency | BEPAC |
| 100 ## - VEDETTE PRINCIPALE - NOM DE PERSONNE | |
| Personal name | Agbinoukoun, Amélévi Sèmèvo |
| 9 (RLIN) | 12672 |
| 130 ## - VEDETTE PRINCIPALE - TITRE UNIFORME | |
| Language of a work | fr |
| 9 (RLIN) | 12673 |
| 245 ## - TITLE STATEMENT | |
| Title | Gestion des réssources en eau (GRE) au Bénin:Apport quantitatif du bassin du fleuve ouémé |
| 260 ## - PUBLICATION, DISTRIBUTION, ETC. (IMPRINT) | |
| Place of publication, distribution, etc | Abomey-Calavi |
| Name of publisher, distributor, etc | EPAC-UAC |
| Date of publication, distribution, etc | 26.APE/AGB |
| 300 ## - PHYSICAL DESCRIPTION | |
| Extent | 80p. |
| 650 ## - SUBJECT ADDED ENTRY--TOPICAL TERM | |
| Topical term or geographic name as entry element | RESSOURCE EN EAU |
| Topical term following geographic name as entry element | FLEUVE OUEME |
| 9 (RLIN) | 12674 |
| 700 ## - ADDED ENTRY--PERSONAL NAME | |
| Personal name | Gbaguidi , Robert Fructueux |
| 9 (RLIN) | 12675 |
| 942 ## - ADDED ENTRY ELEMENTS (KOHA) | |
| Koha item type | Thèse et Memoire |
| Withdrawn status | Lost status | Damaged status | Not for loan | Location (home branch) | Sublocation or collection (holding branch) | Date acquired | Source of acquisition | Koha issues (times borrowed) | Koha full call number | Piece designation (barcode) | Koha date last seen | Copy number | Price effective from | Koha item type |
|---|---|---|---|---|---|---|---|---|---|---|---|---|---|---|
| Bibliothèque Ecole Polytechnique d'Abomey-Calavi | Bibliothèque Ecole Polytechnique d'Abomey-Calavi | 16/12/2010 | Dépot légal | 26.APE/AGB | M16312EPAC | 16/12/2010 | 1 | 16/12/2010 | Thèse et Memoire |